000 nam a22 7a 4500
999 _c402058
_d402058
003 BLK
005 20210323141134.0
008 200727b bu |||||||||||||| ||bu d
040 _aBLK
041 _aBUL
_cBUL
080 _aБразилска литература
_b821.134.3(81)
_z 821.134.3(81)(092)
_x(092)
080 _aБразилски писател
_b929 Амаду, Жоржи
_z929 Амаду, Жоржи
100 _91299
_aКутейшчикова, В. Н.
_eпърви автор
139 _aКутейшчикова, В. Н.
245 _aЖоржи Амаду
_b[Лит. крит. очерк]
_cВ. Н. Кутейшчикова ; Прев. от рус.
260 _9216522
_aСофия
_bНац. к-т за защита на мира
_c1955
300 _a60 с.
_c17 см
380 _a3
600 1 4 _931032
_aАмаду, Жоржи
650 7 _9148657
_aБиографии
852 _aЦб 3.170.45278
_bЦб
942 _cKNG
_n0
_s1
944 _aCR
_c2021-03-23
_kРенета Константинова
_l2021-03-23
999 _d402040